Geography Quiz

Random Geography or City Quiz

UK Top Sustainable Cities Quiz Stats

 Plays Quiz not verified by Sporcle

Score 0/20 Timer 05:00
0 Plays Today
Position City % Correct
5London
97.3%
14Manchester
91.9%
15Liverpool
88.9%
6Leeds
86.5%
17Birmingham
84.8%
7Edinburgh
80.8%
1Newcastle
79.5%
19Glasgow
79.5%
2Bristol
77.1%
10Cardiff
76.4%
Position City % Correct
9Sheffield
67.3%
8Nottingham
65.3%
4Leicester
58.2%
3Brighton and Hove
51.2%
12Plymouth
51.2%
20Hull
50.8%
16Bradford
47.8%
13Sunderland
47.5%
11Coventry
46.8%
18Wolverhampton
34.3%

You're not logged in!

Compare scores with friends on all Sporcle quizzes.
OR
Log In

Show Comments

Extras

Top Quizzes Today


Score Distribution

Your Account Isn't Verified!

In order to create a playlist on Sporcle, you need to verify the email address you used during registration. Go to your Sporcle Settings to finish the process.

Report this User

Report this user for behavior that violates our Community Guidelines.

Details: